| 000 | 00374nam a2200133Ia 4500 | ||
|---|---|---|---|
| 008 | 150202s9999 xx 000 0 und d | ||
| 020 | _a340493534 | ||
| 050 |
_aFIC _bFIC |
||
| 100 | _aArcher, Jeffrey. | ||
| 245 | 2 |
_aA twist in the tale / _cJeffery Archer. |
|
| 260 |
_aGreat Britain : _bHodder and Stoughton, _c1988. |
||
| 300 |
_a268 pages : _c18 cm. |
||
| 650 | _aFiction. | ||
| 999 |
_c281831 _d281831 |
||